000 00485nam a2200181Ia 4500
008 090123s9999 xx 000 0 und d
082 _b3530
_a891.463/कदम
100 _aकदम बाबा
245 _aपाषाण
250 _a2
260 _b"रंजना,कनकेश्वर"
_c1973
300 _a104
600 _aकदम बाबा
630 _aपाषाण
700 _aकदम बाबा
730 _aपाषाण
942 _cBOOK
999 _c41610
_d41610